[Event "VIE-ch U11 Girls"]
[Site "Ho Chi Minh City"]
[Date "2014.07.17"]
[Round "8"]
[White "Nguyen, Thi Ngoc Mai"]
[Black "Phung, Hong Thu"]
[Result "1-0"]
[WhiteElo "1731"]
[BlackElo "1712"]
[PlyCount "89"]
[EventDate "2014.07.13"]
[EventType "swiss"]
[EventRounds "9"]
[EventCountry "VIE"]
[SourceTitle "EXT 2016"]
[Source "ChessBase"]
[SourceDate "2015.10.08"]
[SourceVersion "1"]
[SourceVersionDate "2015.10.08"]
[SourceQuality "1"]

1. e4 e6 2. Nf3 d5 3. exd5 exd5 4. d4 c5 5. Bb5+ Bd7 6. Bxd7+ Qxd7 7. 0-0 Nf6 8. Re1+ Be7 9. dxc5 Nc6 10. Bg5 0-0 11. Nc3 Rfe8 12. Bxf6 Bxf6 13. Qxd5 Qxd5 14. Nxd5 Rxe1+ 15. Rxe1 Rd8 16. Nxf6+ gxf6 17. h3 Rc8 18. Re4 Kf8 19. Nh4 Ne5 20. b4 Rc6 21. Nf5 b6 22. Rd4 Ke8 23. Rd6 Rxd6 24. Nxd6+ Kd7 25. cxb6 axb6 26. Ne4 Ke6 27. f4 Nc6 28. b5 Nd4 29. c4 h6 30. Kf2 f5 31. Ng3 Kd6 32. Ke3 Kc5 33. Kd3 Ne6 34. Nxf5 Nxf4+ 35. Kc3 Nxg2 36. Nxh6 f6 37. Nf5 Nf4 38. h4 Nh5 39. a4 Nf4 40. Ng3 Ng6 41. h5 Nf8 42. h6 Nh7 43. Nf5 Ng5 44. Ng3 Nh7 45. Ne4# 1-0

[Event "VIE-ch U11 Girls"]
[Site "Ho Chi Minh City"]
[Date "2014.07.14"]
[Round "3"]
[White "Tran, Le Khanh Linh"]
[Black "Phung, Hong Thu"]
[Result "0-1"]
[WhiteElo "1732"]
[BlackElo "1712"]
[PlyCount "98"]
[EventDate "2014.07.13"]
[EventType "swiss"]
[EventRounds "9"]
[EventCountry "VIE"]
[SourceTitle "EXT 2016"]
[Source "ChessBase"]
[SourceDate "2015.10.08"]
[SourceVersion "1"]
[SourceVersionDate "2015.10.08"]
[SourceQuality "1"]

1. e4 e6 2. Nf3 d5 3. e5 c5 4. Bb5+ Bd7 5. Bxd7+ Nxd7 6. d3 Qc7 7. Qe2 g6 8. 0-0 Bg7 9. Bf4 Ne7 10. Nc3 a6 11. Rfe1 0-0 12. Rad1 Nc6 13. h3 Rfe8 14. a3 Rac8 15. Na2 Na5 16. c3 c4 17. d4 Nc6 18. Qc2 Qb6 19. Rb1 Na5 20. Nc1 Nb3 21. Nxb3 Qxb3 22. Qxb3 cxb3 23. Nd2 Rc6 24. Nxb3 Rb6 25. Nd2 Rc8 26. Nf3 Bf8 27. Rec1 Rcc6 28. Bd2 Rb3 29. Ne1 Nb6 30. Nd3 Nc4 31. Rd1 Nxd2 32. Rxd2 Rcxc3 33. bxc3 Rxb1+ 34. Kh2 Bxa3 35. Ra2 Rb3 36. Rc2 b5 37. Nc5 Bxc5 38. dxc5 Kf8 39. Rc1 Ke7 40. Kg3 a5 41. Kf3 d4 42. Ke4 Rxc3 43. Rxc3 dxc3 44. Kd3 b4 45. f4 a4 46. g4 a3 47. Kc2 a2 48. c6 a1Q 49. c7 Kd7 0-1